Túneles: planeación, diseño y construcción
Saved in:
| Main Authors: | , |
|---|---|
| Format: | Bog |
| Sprog: | spansk |
| Udgivet: |
Ciudad de México
Limusa
1988
|
| Fag: | |
| Tags: |
Tilføj Tag
Ingen Tags, Vær først til at tagge denne postø!
|
MARC
| LEADER | 00000nam a2200000 a 4500 | ||
|---|---|---|---|
| 001 | UCV5699 | ||
| 003 | CL-VaPUC | ||
| 008 | 890829e19880000MX |||||||||||||||||spa|d | ||
| 082 | 0 | 4 | |a 624.19 |b MEG |2 21 |
| 100 | |a Megaw, Thomas M. |e autor |9 299989 | ||
| 700 | 0 | |a Bartlett, John V |e author |9 299990 | |
| 245 | 1 | 0 | |a Túneles: planeación, diseño y construcción |
| 300 | |a 2 v | ||
| 942 | |c BK | ||
| 945 | |d 19890829 00:00:00 |a mfernand | ||
| 260 | |a Ciudad de México |b Limusa |c 1988 | ||
| 650 | 7 | |a TUNELES |2 CL-VaPUC |9 260490 | |
| 650 | 7 | |a CONSTRUCCION DE TUNELES |2 CL-VaPUC |9 260491 | |
| 583 | |a last modification |c 19890829 00:00:00 |k Rodrigo Vera | ||
| 999 | |c 212113 |d 212111 | ||
| 952 | |0 0 |1 0 |4 0 |6 624_190000000000000_MEG_1988 |7 0 |8 A |9 192544 |a BIBING |b BIBING |d 2019-11-14 |h v.2 |i 2600366 |o 624.19 MEG 1988 |p 2600366 |r 2025-01-20 |w 2019-11-14 |y BK |k CCL | ||